Zákon o konkurze a vyrovnaní

Úplné znenie zákona č. 328/1991 Zb, o konkurze a vyrovnaní v znení neskorších zákonov a zákona NR SR č. 238/2000 Z.z. s komentárom. Predkladaný komentár je svojím obsahom zameraný hlavne pre potreby podnikateľov, či už v postavení veriteľov alebo dlžníkov.

Salvato in:
Dettagli Bibliografici
Autore principale: Matulová, Mariana
Altri autori: Novotná, Jana
Natura: Capitolo di libro
Lingua:slovacco
Soggetti:
Tags: Aggiungi Tag
Nessun Tag, puoi essere il primo ad aggiungerne!!

MARC

LEADER 00000naa a2200000 4500
001 r040218
005 20230919091641.7
041 0 |a slo 
044 |a SK 
245 1 0 |a Zákon o konkurze a vyrovnaní  |c Mariana Matulová, Jana Novotná 
520 |a Úplné znenie zákona č. 328/1991 Zb, o konkurze a vyrovnaní v znení neskorších zákonov a zákona NR SR č. 238/2000 Z.z. s komentárom. Predkladaný komentár je svojím obsahom zameraný hlavne pre potreby podnikateľov, či už v postavení veriteľov alebo dlžníkov. 
610 2 0 |a konkurzy 
610 2 0 |a vyrovnanie 
610 2 0 |a zákony 
610 2 0 |a komentáre 
610 2 0 |a Slovensko 
610 2 0 |a 1991-2000 
100 1 |a Matulová, Mariana 
700 1 |a Novotná, Jana